00397nam a22001457a 4500008004100000020001500041041000800056080000700064100002400071245005600095250002600151260003700177300002000214650001700234141003b xxu||||| |||| 00| 0 eng d a03757042800 aeng a941 aMcPherson, James M. aIs blood thicker than water? :cJames M. McPherson. a1st Vintage Books ed. aNew York :bVintage Booksc1999. a90 f. :c21 cm. 0aNacionalizmi